| 000 | 00540nam a22001697a 4500 | ||
|---|---|---|---|
| 005 | 20251108165416.0 | ||
| 008 | 250721s1999 xx 000 0 ara d | ||
| 082 | 1 | 4 | _aم/213.44/سجس |
| 100 | 1 | _aأبو داود السجستاني، أبو داود سليمان الأزدي | |
| 245 | 1 | 0 | _aسنن أبي داود / |
| 264 | 1 |
_aالرياض : _bبيت الأفكار الدولية، _c1999. |
|
| 300 | _a771ص | ||
| 650 | 1 | 7 | _aسنن أبي داود |
| 650 | 1 | 7 | _aكتب الحديث الستة |
| 942 |
_2ddc _cREF |
||
| 999 |
_c27217 _d27217 |
||